=LDR 00000nam 2200000 4500 =001 INLIS000000000033349 =005 20221123024458 =035 ##$$a 0010-061300000033349 =008 221123################g##########0#ind## =041 ##$$a ind =082 ##$$a 658.8 =090 ##$$a 658.8, Dar,i =245 1#$$a Instan Marketing : $b Resep Super Jadi Marketing Hebat /$c Bambang Darmadi =260 ##$$a Yogyakarta :$b Universitas Atmajaya,$c 2010 =300 ##$$a vi,126 hlm. ; $c 13x19 cm. =650 #4$$a Menejemen Pemasaran =850 ##$$a NBPNMAT =020 ##$$a 978-979-1317-68-9 =084 ##$$a 658.8 DAR i =100 #$$a Darmadi, Bambang =990 ##$$a 07800780 =990 ##$$a 21003994